Music Quiz

Random Music or Clickable Quiz

Fill in the lyrics (55 years of pop music) Quiz Stats

 Plays Quiz not verified by Sporcle

Challenge
Share
Tweet
Embed
Score 0/150 Timer 16:00
0 Plays Today
% Correct
trigger
71.5%
shining
70.6%
ring
69.7%
petrified
68.9%
birthday
68%
dry
65.8%
die
65.4%
fan
65.4%
rival
62.3%
sugar
62.3%
clothes
61.8%
Polaroid
61.8%
crazy
61%
moment
60.5%
Tom
60.1%
part
60.1%
desert
59.6%
door
59.6%
heart
58.8%
highway
58.8%
valley
58.8%
show
58.3%
walk
57.9%
good
56.1%
hurts
55.7%
hat
54.8%
hugs
54.8%
rhythm
54.4%
leave
53.9%
strength
53.5%
future
53.5%
goodbye
53.1%
everything
51.8%
thunder
51.3%
wise
51.3%
jungle
50.9%
married
50.9%
girlfriend
50.9%
things
50.4%
preacher's
50%
transistor
49.6%
Saturday
48.7%
broken-hearted
48.7%
curtain
48.7%
money
47.8%
brain
47.8%
Georgia
47.4%
lady
46.5%
heartbeat
46.1%
yacht
45.2%
% Correct
winter's
44.7%
creation
44.7%
possessions
43.9%
nation
43.9%
Porsches
43.9%
hand
43.9%
raining
42.5%
man
42.1%
untrue
41.7%
spirit
41.7%
forever
40.4%
look
40.4%
Superman
39%
Soho
38.6%
lovely
38.6%
blow
38.6%
something
38.2%
dark
37.7%
brilliant
37.7%
cutest
37.3%
lonely
36.8%
shirts
36.4%
hide
36.4%
pillow
36%
Young
35.5%
power
35.5%
sighing
35.5%
wave
34.6%
fly
34.6%
year
34.2%
sleep
34.2%
dangerous
33.3%
crying
33.3%
sign
33.3%
Jerusalem
32.5%
dreamin'
32.5%
home
32%
guns
32%
sadness
31.1%
Kilimanjaro
30.3%
fight
30.3%
wood
29.8%
change
29.4%
arms
28.9%
real
28.5%
troubled
28.5%
Trenchtown
28.1%
heaven
28.1%
disappoint
27.6%
colorful
26.8%
% Correct
purpose
26.8%
comfort
25.9%
Bombay
25%
dance
25%
insane
24.1%
airplane
23.7%
Suzanne
23.7%
pain
22.8%
story
22.4%
spoon
21.9%
distance
21.9%
dressed
21.1%
blue
20.6%
seasons
19.3%
blood
18%
untouchable
17.5%
similar
16.7%
puppy
16.7%
heartache
16.7%
lucky
16.7%
kiss
16.7%
shiver
16.2%
skies
16.2%
Johnny
15.8%
Sweden
15.4%
Geneva
14.5%
movie
14.5%
road
14.5%
goddess
14.5%
toy
14.5%
angel
14%
magic
14%
farewell
13.2%
avenue
12.7%
cure
12.7%
secret
12.7%
paradise
12.3%
defend
11.8%
devil
11.8%
Vegas
11.4%
fridge
10.5%
scared
10.1%
indestructable
10.1%
baby
9.2%
life
9.2%
understand
9.2%
anyway
8.3%
pale
7%
escape
6.1%
wounded
5.3%

You're not logged in!

Compare scores with friends on all Sporcle quizzes.
OR
Log In

You Might Also Like...

Show Comments

Extras

Created Dec 10, 2012ReportNominate
Tags:Clickable Quiz, pop

Top Quizzes Today


Score Distribution

Your Account Isn't Verified!

In order to create a playlist on Sporcle, you need to verify the email address you used during registration. Go to your Sporcle Settings to finish the process.

Report this User

Report this user for behavior that violates our Community Guidelines.

Details: